000
00259nam a2200097 a 4500
005
20200930080314.0
008
120328s1969 000 spa d
245
0
_a
the unites states and latin america, 1933-1968 :.
260
_a
London,
_c
1969.
999
_c
36834
_d
36834
040
_a
DO-SdBNP